| 000 | 00457nam a22001457a 4500 | ||
|---|---|---|---|
| 008 | 230706b |||||||| |||| 00| 0 eng d | ||
| 040 |
_aNational Science Library _cNational Science Library |
||
| 080 |
_aR 058(4/9) _bL1 |
||
| 245 |
_aEuropa year book 1971: _bA world survey |
||
| 260 |
_aLondon: _bEuropa Publications Ltd, _c1971 |
||
| 300 | _axxi, 1433p. | ||
| 500 | _aVol. I International organization, Europe | ||
| 650 | _aYear book | ||
| 942 |
_2udc _cYBK |
||
| 999 |
_c55897 _d55897 |
||